Somewhere Only We Know - Keane - Statistics

General Stats
  • This quiz has been taken 69 times
  • The average score is 218 of 257
Answer Stats
Hint Answer % Correct
Verse 1 | Verse 2 I
96%
on
96%
so
96%
a
94%
we
94%
across
93%
go
93%
know
93%
somewhere
93%
the
93%
an
91%
me
91%
and
89%
Chorus And
89%
only
89%
to
89%
walked
89%
you
89%
be
87%
land
87%
my
87%
of
87%
have
85%
rely
85%
tell
85%
this
85%
Outro This
85%
when
85%
don't
83%
empty
83%
gone
83%
it
83%
let
83%
need
83%
Pre Chorus Oh
83%
oh
83%
something
83%
where
83%
why
83%
getting
81%
gonna
81%
hand
81%
simple
81%
you're
81%
back
80%
felt
80%
i'm
80%
tired
80%
by
78%
could
78%
end
78%
everything
78%
old
78%
place
78%
thing
78%
begin
76%
feet
76%
if
76%
is
76%
knew
76%
minute
76%
about
74%
at
74%
beneath
74%
in
74%
talk
74%
came
72%
earth
72%
like
72%
looking
70%
made
70%
complete
67%
river
67%
tree
67%
fallen
65%
pathway
65%
dreaming
63%
that
63%
been
61%
i've
61%
branches
59%
sat
59%
ooh-aah
0%
No matching quizzes found
Score Distribution
Percent of People with Each Score
Percentile by Number Answered
Your Score History
You have not taken this quiz